Minor measures major results (Record no. 113473)

MARC details
000 -LEADER
fixed length control field 01067cad a22001935a 4500
001 - CONTROL NUMBER
control field L155310
008 - FIXED-LENGTH DATA ELEMENTS--GENERAL INFORMATION
fixed length control field 120316s2012 xxk f 000 0 eng d
035 ## - SYSTEM CONTROL NUMBER
System control number (Sirsi) u155310
041 0# - LANGUAGE CODE
Language code of text/sound track or separate title eng
110 2# - MAIN ENTRY--CORPORATE NAME
Corporate name or jurisdiction name as entry element Confederation of British Industry
9 (RLIN) 414
245 00 - TITLE STATEMENT
Title Minor measures major results
Remainder of title fine tuning the major infrastructure planning system
Medium [electronic resource]
260 ## - PUBLICATION, DISTRIBUTION, ETC.
Place of publication, distribution, etc. London
Name of publisher, distributor, etc. CBI
Date of publication, distribution, etc. 2012
520 ## - SUMMARY, ETC.
Summary, etc. CBI report urges government to make further imrovements to major infrastructure planning in the UK to help accelerate investment and speed up decision making. With 52 projects in the pipeline the government should reduce uncertainty at the pre-application stage, introduce more flexbility into system and simplify the non planning consent landscape.
590 ## - LOCAL NOTE (RLIN)
Local note KA NTK
651 #4 - SUBJECT ADDED ENTRY--GEOGRAPHIC NAME
Geographic name United Kingdom
690 ## - LOCAL SUBJECT ADDED ENTRY--TOPICAL TERM (OCLC, RLIN)
Topical term or geographic name as entry element Planning and development
9 (RLIN) 6259
856 40 - ELECTRONIC LOCATION AND ACCESS
Uniform Resource Identifier <a href="https://www.cbi.org.uk/media/1342433/minor_measures_major_results_-_fine_tuning_the_major_infrastructure_planning_system.pdf">https://www.cbi.org.uk/media/1342433/minor_measures_major_results_-_fine_tuning_the_major_infrastructure_planning_system.pdf</a>
Public note View the item free of charge at www.cbi.org.uk
942 ## - ADDED ENTRY ELEMENTS (KOHA)
Suppress in OPAC 0
Holdings
Withdrawn status Lost status Source of classification or shelving scheme Damaged status Not for loan Home library Current library Shelving location Date acquired Total Checkouts Full call number Barcode Date last seen Copy number Price effective from Koha item type
    Dewey Decimal Classification     Virtual Virtual Online 16/03/2012   ONLINE PUBLICATION 155310-2001 06/08/2019 1 06/08/2019 Book